| 000 | 00830nac a22002051u 4500 | ||
|---|---|---|---|
| 010 | _a 89085309 | ||
| 020 | _a0155413600 | ||
| 082 | 0 | 0 |
_a621.395 _bC3111 |
| 090 |
_c4411 _d4411 |
||
| 100 | _aCarr, Joseph J. | ||
| 245 | 1 | 0 |
_aIntegrated electronics : _boperational amplifiers and linear ICs with applications / _cJoseph J. Carr. |
| 260 |
_aSan Diego : _bHarcourt Brace Jovanovich, _cc1990. |
||
| 300 |
_axiv, 609 p. : _bill. ; _c25 cm. |
||
| 500 | _aIncludes index. | ||
| 650 | 0 | _aOperational amplifiers. | |
| 650 | 0 | _aLinear integrated circuits. | |
| 856 | 4 | 1 |
_3Table of contents only _uhttp://www.loc.gov/catdir/enhancements/fy0635/89085309-t.html |
| 942 |
_cBB _k621.395C3111 |
||
| 999 |
_c4411 _d4411 |
||